The steel industry of Japan

Сохранить в:
Библиографические подробности
Формат:
Язык:Undetermined
Опубликовано: Tokyo The Japan Iron and Steel Federation 1965
Предметы:
Метки: Добавить метку
Нет меток, Требуется 1-ая метка записи!
Thư viện lưu trữ: Trung tâm Học liệu Trường Đại học Cần Thơ
LEADER 00454nam a2200169Ia 4500
001 CTU_99593
008 210402s9999 xx 000 0 und d
082 |a 338.47669 
082 |b S813 
245 4 |a The steel industry of Japan 
260 |a Tokyo 
260 |b The Japan Iron and Steel Federation 
260 |c 1965 
650 |a Steel industry and trade 
650 |z Japan 
904 |i Truc 
980 |a Trung tâm Học liệu Trường Đại học Cần Thơ